Представление документа в формате RUSMARC

ПолеНазваниеЗначение
  Тип записи a
  Библиографический уровень m
001 Контрольный номер RU/SLIB/B/208745153
005 Дата корректировки 20211019141729.0
010 Индекс ISBN __
a ISBN 5-10-001169-4
010 Индекс ISBN __
d Цена 2-60
100 Данные общей обработки __
a Данные общей обработки 20211019d1990 m y0rusy028902 ca
101 Язык документа 0_
a Язык текста rus
102 Страна публикации __
a Страна публикации RU
105 Кодированные данные (монография) __
a Кодированные данные (монография) a z 000yy
181 Поле кодированных данных: вид содержания _0
a Код вида содержания (ISBD) i
182 Поле кодированных данных: тип средства _0
a Код типа средства (ISBD) n
200 Заглавие и сведения об ответственности 1_
a Заглавие Русское пчеловодство
b Общее обозначение материала Текст
210 Выходные данные 1_
a Место издания М.
c Издательство Агропромиздат
d Дата издания 1990
215 Физическое описание __
a Объем 509 с., [16] л. ил.
330 Аннотация __
a Аннотация В интересной форме рассказано о древнейшем промысле на Руси - пчеловодстве, его развитии и совершенствовании, о различных конструкциях ульев.
606 Тематические рубрики __
a Основная рубрика Пчеловодство
610 Ключевые слова 0_
a Ключевые слова улеи; бортничество; пасеки
686 Индексы других классификаций __
a Классификационный индекс 46.91; ст46.9
700 Автор _1
a Фамилия Шабаршов
b Имя И. А.
4 Код отношения 070
801 Источник записи _0
a Страна RU
b Организация Муниципальное бюджетное учреждение культуры "Централизованная библиотечная система" г. Сургут (Центральная городская библиотека им. А. С. Пушкина)
g Правила каталогизации КиК/Уланова
801 Источник записи _1
a Страна RU
b Организация Муниципальное бюджетное учреждение культуры "Централизованная библиотечная система" г. Сургут (Центральная городская библиотека им. А. С. Пушкина)
g Правила каталогизации КиК/Уланова
852 Данные о местонахождении __
j Шифр хранения 46.91
c Каталожный индекс 46.91
i Авторский знак Ш 12
p Инвентарный номер 42770
901 Тип документа __
t Тип документа m
990 Данные о заказе (DOS) __
j Количество экземпляров (DOS) 2